000 00527nam a2200181 i 4500
001 bg
245 0 0 _aUsuwanie związków biogennych ze ścieków :
_bmateriały szkoleniowe /
_cLEM PROJEKT.
260 _aKraków :
_bLEM PROJEKT,
_c[1998].
300 _a296 s. wiele liczb. :
_brys., wykr. ;
_c30 cm.
650 9 _aŚcieki
_xtechnologia
655 _aMateriały konferencyjne
700 1 _aLEM PROJEKT,
040 _cBPK
041 0 _apl
080 _a628.3(061)
942 _cKS
008 s pl f |000 0 pol
999 _c34076
_d34076
856 _uhttp://koha.tu.koszalin.pl/cgi-bin/koha/opac-detail.pl?biblionumber=34076
_yKatalog online BPK